Normal view
MARC view
- Steinmetz, Katy
Entry Personal Name
001 - CONTROL NUMBER
- control field: 37082
003 - CONTROL NUMBER IDENTIFIER
- control field: OSt
005 - DATE AND TIME OF LATEST TRANSACTION
- control field: 20190221131339.0
008 - FIXED-LENGTH DATA ELEMENTS
- fixed length control field: 190221|| aca||aabn | a|a d
040 ## - CATALOGING SOURCE
- Original cataloging agency: OSt
100 ## - HEADING--PERSONAL NAME
- Personal name: Steinmetz, Katy
